Formule 1 : Quiz sur Charles Leclerc - Statistiques

Statistiques générales
  • Ce quiz a été pris 567 fois
    57 depuis la dernière actualisation
  • Le résultat moyen est 16 sur 20
Statistiques - réponses
Question Réponse % Correct
Quel est son numéro permanent en F1 ? 16
100%
Quel est le prénom de son frère pilote de réserve pour Ferrari ? Arthur
100%
Pour quelle écurie roule t'il actuellement ? Ferrari
100%
Quel pilote (qui fut son modèle et ami) eu un grave accident qui lui couta la vie lors d'un Grand Prix ? Jules Bianchi
100%
Quel pays représente il en Formule 1 ? Monaco
100%
Dans quel écurie Charles Leclerc fit ses débuts en Formule 1 ? Alfa Roméo Sauber F1 Team
98%
Qui est son coéquipier en 2025 ? Lewis Hamilton
98%
Qui fut son coéquipier dans sa nouvelle écurie ? Sebastian Vettel
94%
En quelle année fut-il vice-champion du monde de Formule 1 ? 2022
84%
En quelle année Charles Leclerc décroche-t-il sa première victoire ? 2019
82%
En quelle année Charles Leclerc arrive-t-il dans son écurie actuelle ? 2019
78%
Sur quelle circuit Charles Leclerc décroche-t-il sa première victoire ? Cicrcuit de Spa-Francorchamps
76%
Combien de victoires a-t-il aujourd'hui ? 8
73%
Qui fut son coéquipier cette année là ? Marcus Ericsson
71%
Ce fut en quelle année ? 2018
67%
Dans quel écurie Charles Leclerc a-t-il fait ses débuts en Formule 2 ? Prema Racing
61%
Dans quelle discipline a roulé son père Hervé Leclerc ? Formule 3000
53%
Combien de poles positions compte-il aujourd'hui ? 27
47%
Ou remporta-t-il son premier Grand Prix en F2 ? Bahreïn
41%
Combien de podium a-t-il aujourd'hui ? 50
27%
Aucun quiz correspondant
Distribution des résultats
% des personnes avec chaque résultat
Percentile par nombre de réponses
Votre historique - résultats
Vous n’avez pas pris ce quiz depuis la dernière actualisation